1457 1067 1348 1316 1008 1863 1341 1893 1613 1576 1690 1371 1487 1645 1990 1436 1870 1644 1895 1572 1307 1112 1346 1311 1264 1274 1977 1134 1836 1275 1385 1271 1213 1473 1874 1012 1480 1830 1129 1784 1028 1348 1704 1469 1261 1363 1454 1902 1548 1776 1420 1603 1913 1725 1573 1435 1567 1608 1265 1810 1821 1172 1807 1943 1449 1778 1508 1768 1814 1462 1002 1989 1680 1841 1673 1471 1823 1769 1718 1985 1431 1034 1143 1359 1295 1344 1718 1867 1930 1343 1357 1096 1457 1809 1577 1340 1557 1946 1177 BCNSPRNW ULIB Ver.6.0+V

เปลี่ยนเป็นภาษาไทย

Change to English
 แสดงรายละเอียดบรรณานุกรม
  กลับหน้าหลัก

Brief Record : Get Marc (ISO 2709) : E-mail record : QR code < ปิดหน้าต่าง
LEADER : 00000nam 2200000uu 4500
001    13399128767
003     ULIB
008    240904s2565||||th 000 0 tha d
020 -  ^a9786168122143
060 -  ^aWB105^bK266
245 -  ^aKEEP Moving Forward/^bดุสิต สถาวร . [และคนอื่นๆ], บรรณาธิการ
260 -  ^aกรุงเทพฯ : สมาคมเวชบำบัดวิกฤตแห่งประเทศไทย,^c2565
300 -  ^axx, 704 หน้า : ภาพประกอบ ; 27 ซม.
504 -  ^aมีบรรณานุกรมและดัชนี
505 -  ^aกุมลมาศ เอกปัต -- Volume responsiveness: what s new /ชัยอนันต์ โสดาภักดิ์ -- Sciences of monitoring: tissue perfusion /พรรัตน์ จินดา -- Monitoring nutrition in ICU /พัทธวุฒิ จันทูปมา -- Respiratory monitoring: blood gas at bedside /สรภพ ภักดีวงศ์ -- Updated endotracheal tube /นลิน โชคงามวงศ์ -- Extubation /อรอุมา ชัยวัฒน์ -- Hypoxemia /ทัศยุ อยู่เย็น -- Pathophysiology of delirium /ณัฐ ตะพานวงษ์ -- Abdominal hypertension, abdominal compartment syndrome, and polycompartment syndrome /กวีศักดิ์ จิตตวัฒนรัตน์ -- Intensive care unit-acquired weakness (ICUAW) /นรินทร์ จินดาเวช -- Formula adjustment in the critically ill patients with diarrhea /รังสรรค์ ภูรยานนทชัย -- Extracorporeal cardiopulmonary resuscitation (ECPR) /นวพร อัษณางค์กรชัย -- Post arrest care /วีรพงศ์ วัฒนาวนิช -- Making ICU a very happy workplace /อำรุง เลียวรักษ์โอฬาร -- Oxygen therapy: from theory to practice /ทนันชัย บุญบูรพงศ์ -- Fluid Challenge /บดินทร์ ขวัญนิมิต -- Transforming my ER to an ICU. /เกียรติชัย ดาวรัตนชัย
650 -  ^aการดูแลขั้นวิกฤต, การแพทย์, ผู้ป่วย--การดูแล, ผู้ป่วยหนัก, ผู้ป่วยวิกฤต--การดูแล, Critical Care, Critical Care--methods, Emergencies, Emergencies--nursing, Internal Medicine, Preventive Health Services, Preventive Medicine
700 -  ^aดุสิต สถาวร, ครรชิต ปิยะเวชวิรัตน์, สัณฐิติ โมรากุล, ภูษิต เฟื่องฟู, บรรณาธิการ
710 -  ^aสมาคมเวชบำบัดวิกฤตแห่งประเทศไทย
945    ^p900^l0^i30222
945    ^p900^l0^i30223
999    ^aกัณชพร จุลอักษร
รายการนี้ยังไม่มีแท็ก
คุณยังไม่ได้ล็อกอิน คุณสามารถมีกิจกรรมร่วมกับเว็บไซต์ได้ แต่ต้องล็อกอินก่อน ::
  ล็อกอิน

รายการสื่อสารสนเทศ

ลำดับที่ ประเภท เลขเรียก/บาร์โค้ด สถานที่ สถานะ
1. หนังสือสำรอง
หนังสือสำรอง
WB105 K266 ฉ.1 
  Barcode: 30222
ห้องสมุดวิทยาเขตนครสวรรค์
►หนังสือทั่วไป:l:General Books
บนชั้น
2. วิทยาศาสตร์การแพทย์ และสุขภาพ
วิทยาศาสตร์การแพทย์ และสุขภาพ
WB105 K266 ฉ.2 
  Barcode: 30223
ห้องสมุดวิทยาเขตนครสวรรค์
►หนังสือทั่วไป:l:General Books
บนชั้น

รายการใกล้เคียง
    หัวเรื่อง [การดูแลขั้นวิกฤต, การแพทย์, ผู้ป่วย--การดูแล, ผู้ป่วยหนัก, ผู้ป่วยวิกฤต--การดูแล, Critical Care, Critical Care--methods, Emergencies, Emergencies--nursing, Internal Medicine, Preventive Health Services, Preventive Medicine]

BibComment


ยังไม่เคยถูกคอมเมนท์

คอมเมนท์ทรัพยากรรายการนี้
  คอมเมนท์: KEEP Moving Forw..


 Copyright 2026. Bcnsprnw @Library